| 000 | 00711nam a22002057a 4500 | ||
|---|---|---|---|
| 999 |
_c19017 _d19017 |
||
| 003 | AR-CdUCM | ||
| 008 | 190516b ||||| |||| 00| 0 spa d | ||
| 040 |
_aMUNICIPALIDAD PROVINCIAL DEL CUSCO _cBIBLIOTECA MUNICIPAL DEL CUSCO |
||
| 082 |
_a970 / _bS21 |
||
| 100 |
_aSánchez, Luis Alberto _9401 |
||
| 245 | _aVida y pasión de la cultura Americana / | ||
| 260 |
_aChile : _bErcilla, _c1935. |
||
| 300 |
_a135 páginas ; _c25 cm. |
||
| 505 | _aContenido : Meridianos y paralelos -- Similitud y discrepancias -- Esencia del formalismo -- La dificultad de ser realista... | ||
| 650 |
_aRomanticismo _9518 |
||
| 650 |
_aLiteratura _983 |
||
| 650 |
_aEl indígena _940057 |
||
| 942 |
_2ddc _cLIBROS |
||
| 945 | _arcc | ||